Vista normal Vista MARC

Entrada Materia (personas)

Número de registros utilizados en: 2

001 - CONTROL NUMBER

  • control field: 27890

003 - CONTROL NUMBER IDENTIFIER

  • control field: Co-BoUCM

005 - DATE AND TIME OF LATEST TRANSACTION

  • control field: 20130211083723.0

008 - FIXED-LENGTH DATA ELEMENTS

  • fixed length control field: 130211|| aca||aabn | a|a d

040 ## - CATALOGING SOURCE

  • Original cataloging agency: Co-BoUCM
  • Transcribing agency: Co-BoUCM

100 ## - HEADING--PERSONAL NAME

  • Personal name: Franco Restrepo, Juan Gonzalo

670 ## - SOURCE DATA FOUND

  • Source citation: Work cat.: (Co-BoUCM)40822: Rave Gómez, Elkin Darío 27889, Casos empresariales colombianos, 2011.